00837nam a22002537a 45000010005000000030006000050050017000110080041000280200018000690400029000870500018001160820012001341000020001462450079001662500046002452600037002913000056003285050007003845200088003915210018004795210018004976500037005157000031005526851FISKH20250603105038.0250603b cb ||||| |||| 00| 0 eng d a9780545537988 aFISKHbengcFISKHdFISKH aTL547 .H6165  a629.13  aHodgkins, Fran  aHow people learned to fly /cby Fran Hodgkins ; illustrated by True Kelly  aFirst Scholastic printing, December 2012  aNew York : bScholastic, c2007  a33 pages : bcolor illustrations ; c21 x​ 23 cm  aN  aA simple look at the trials and errors that led to the development of the airplane.8 a550 bLexile 8 aN bRaz-Plus  aAirplane vSciencexPicture Book aKelly, True eillustrator